La Consistencia de las políticas ambientales: una herramienta para el desarrollo /
Shranjeno v:
| Glavni avtor: | |
|---|---|
| Format: | Texto |
| Teme: | |
| Oznake: |
Označite
Brez oznak, prvi označite!
|
MARC
| LEADER | 00000 a a2200000 04500 | ||
|---|---|---|---|
| 001 | 5329 | ||
| 003 | |||
| 040 | |||
| 100 | |a Cámara Moral, Manuel | ||
| 245 | |a La Consistencia de las políticas ambientales: |b una herramienta para el desarrollo / |c Manuel Cámara Moral | ||
| 650 | |a POLITICA AMBIENTAL | ||
| 650 | |a MEDIO AMBIENTE | ||
| 650 | |a ECONOMIA AMBIENTAL | ||
| 650 | |a TEORIA ECONOMICA | ||
| 650 | |a LEGISLACION AMBIENTAL | ||
| 650 | |a IMPUESTOS | ||
| 773 | |g número 304; páginas 23-41 | ||
| 999 | |c 39173 |d 39173 | ||
